<?xml version="1.0" encoding="UTF-8"?>
<record
    xmlns:xsi="http://www.w3.org/2001/XMLSchema-instance"
    xsi:schemaLocation="http://www.loc.gov/MARC21/slim http://www.loc.gov/standards/marcxml/schema/MARC21slim.xsd"
    xmlns="http://www.loc.gov/MARC21/slim">

  <leader>00592    a2200193   4500</leader>
  <datafield tag="020" ind1=" " ind2=" ">
    <subfield code="a">0-7225-3293-8</subfield>
  </datafield>
  <datafield tag="040" ind1=" " ind2=" ">
    <subfield code="a">DLC</subfield>
    <subfield code="b">DLC</subfield>
  </datafield>
  <datafield tag="100" ind1="1" ind2=" ">
    <subfield code="a">Coelho, Paulo,</subfield>
  </datafield>
  <datafield tag="245" ind1="0" ind2="4">
    <subfield code="a">The alchemist </subfield>
    <subfield code="c">Paulo Coelho ; translated by Alan R. Clarke</subfield>
  </datafield>
  <datafield tag="260" ind1=" " ind2=" ">
    <subfield code="a">London :</subfield>
    <subfield code="b">HarperCollins,</subfield>
    <subfield code="c">1999</subfield>
  </datafield>
  <datafield tag="300" ind1=" " ind2=" ">
    <subfield code="a">177p ;</subfield>
    <subfield code="c">20cm</subfield>
  </datafield>
  <datafield tag="500" ind1=" " ind2=" ">
    <subfield code="a">Original English translation published: San Francisco : HarperSanFrancisco, 1993</subfield>
  </datafield>
  <datafield tag="500" ind1=" " ind2=" ">
    <subfield code="a">Orig:s titel: O alquimista</subfield>
  </datafield>
  <datafield tag="500" ind1=" " ind2=" ">
    <subfield code="a">Frsta engelska upplaga</subfield>
  </datafield>
  <datafield tag="650" ind1=" " ind2="7">
    <subfield code="a">Sknlitteratur</subfield>
  </datafield>
  <datafield tag="655" ind1=" " ind2="4">
    <subfield code="a">Bok</subfield>
  </datafield>
  <datafield tag="700" ind1="1" ind2=" ">
    <subfield code="a">Clarke, Alan R.</subfield>
    <subfield code="4">trl</subfield>
  </datafield>
  <datafield tag="942" ind1=" " ind2=" ">
    <subfield code="c">BK</subfield>
    <subfield code="k">869.3 COE</subfield>
    <subfield code="2">ddc</subfield>
  </datafield>
  <datafield tag="999" ind1=" " ind2=" ">
    <subfield code="c">9842</subfield>
    <subfield code="d">9842</subfield>
  </datafield>
  <datafield tag="952" ind1=" " ind2=" ">
    <subfield code="0">0</subfield>
    <subfield code="1">0</subfield>
    <subfield code="4">0</subfield>
    <subfield code="7">0</subfield>
    <subfield code="8">NFIC</subfield>
    <subfield code="a">CL</subfield>
    <subfield code="b">CL</subfield>
    <subfield code="c">GEN</subfield>
    <subfield code="d">2005-12-29</subfield>
    <subfield code="e">New Public Book</subfield>
    <subfield code="g">930.87</subfield>
    <subfield code="l">16</subfield>
    <subfield code="m">7</subfield>
    <subfield code="o">869.3 COE</subfield>
    <subfield code="p">SEECS006783</subfield>
    <subfield code="r">2026-01-26</subfield>
    <subfield code="s">2026-01-04</subfield>
    <subfield code="w">2017-01-05</subfield>
    <subfield code="y">BK</subfield>
  </datafield>
  <datafield tag="952" ind1=" " ind2=" ">
    <subfield code="0">0</subfield>
    <subfield code="1">0</subfield>
    <subfield code="2">ddc</subfield>
    <subfield code="4">0</subfield>
    <subfield code="7">0</subfield>
    <subfield code="8">FIC</subfield>
    <subfield code="a">CL</subfield>
    <subfield code="b">CL</subfield>
    <subfield code="c">FIC</subfield>
    <subfield code="d">2019-01-28</subfield>
    <subfield code="e">Donation </subfield>
    <subfield code="l">12</subfield>
    <subfield code="m">4</subfield>
    <subfield code="o">869.3 COE</subfield>
    <subfield code="p">CL-D-308</subfield>
    <subfield code="q">2025-10-15</subfield>
    <subfield code="r">2025-09-15</subfield>
    <subfield code="s">2025-09-15</subfield>
    <subfield code="w">2019-01-28</subfield>
    <subfield code="y">BK</subfield>
  </datafield>
  <datafield tag="952" ind1=" " ind2=" ">
    <subfield code="0">0</subfield>
    <subfield code="1">0</subfield>
    <subfield code="2">ddc</subfield>
    <subfield code="4">0</subfield>
    <subfield code="7">0</subfield>
    <subfield code="a">CL</subfield>
    <subfield code="b">CL</subfield>
    <subfield code="c">FIC</subfield>
    <subfield code="d">2019-01-28</subfield>
    <subfield code="e">Donation </subfield>
    <subfield code="l">17</subfield>
    <subfield code="m">8</subfield>
    <subfield code="o">869.3 COE</subfield>
    <subfield code="p">CL-D-309</subfield>
    <subfield code="q">2025-10-11</subfield>
    <subfield code="r">2025-09-11</subfield>
    <subfield code="s">2025-09-11</subfield>
    <subfield code="w">2019-01-28</subfield>
    <subfield code="y">BK</subfield>
  </datafield>
  <datafield tag="952" ind1=" " ind2=" ">
    <subfield code="0">0</subfield>
    <subfield code="1">0</subfield>
    <subfield code="2">ddc</subfield>
    <subfield code="4">0</subfield>
    <subfield code="7">0</subfield>
    <subfield code="a">CL</subfield>
    <subfield code="b">CL</subfield>
    <subfield code="c">FIC</subfield>
    <subfield code="d">2021-07-27</subfield>
    <subfield code="e">Donated by NUST Student</subfield>
    <subfield code="l">9</subfield>
    <subfield code="m">11</subfield>
    <subfield code="o">869.3 COE</subfield>
    <subfield code="p">CL-D-1137</subfield>
    <subfield code="r">2024-09-02</subfield>
    <subfield code="s">2024-05-30</subfield>
    <subfield code="w">2021-07-27</subfield>
    <subfield code="y">BK</subfield>
  </datafield>
</record>
